Estancamiento tecnológico en el sector agrícola argentino (Registro nro. 24733)
[ vista simple ]
| 000 -LEADER | |
|---|---|
| fixed length control field | 00341 a2200109 4500 |
| 001 - CONTROL NUMBER | |
| control field | ART_10415 |
| 005 - DATE AND TIME OF LATEST TRANSACTION | |
| control field | 20260410161848.0 |
| 008 - FIXED-LENGTH DATA ELEMENTS--GENERAL INFORMATION | |
| fixed length control field | 260409a |
| 100 1# - MAIN ENTRY--PERSONAL NAME | |
| Personal name | de Janvry, Alain |
| 245 10 - TITLE STATEMENT | |
| Title | Estancamiento tecnológico en el sector agrícola argentino |
| 773 0# - HOST ITEM ENTRY | |
| Title | Económica |
| Related parts | - Año XVII, Nº 1 (ene./abr. 1971) |
| Record control number | REV7541 |
No hay ítems disponibles.